000 00468cam a2200193ua 4500
001 5317
005 20260515113849.0
008 120808n ii |||gr||||Z||||||eng
020 _a81-7096-603-5
040 _cMAIN
082 _a823
100 _aDickens, Charles,
_eAuthor,
245 1 1 _aOliver twist
_cby Charles Dickens
250 _a1st.
260 _aLudhiana:
_bKalyani Publishers,
_c1991.
300 _a103p:
_c23cm.
653 _aEnglish fiction
942 _cBK
999 _c4494
_d4494